[Event "Wch FIDE Online U10 Europe qual"]
[Site "Tornelo INT"]
[Date "2020.12.09"]
[Round "7"]
[White "Koosel, Hans Georg"]
[Black "Akinkhov, Mikhail"]
[Result "1/2-1/2"]
[WhiteElo "1364"]
[BlackElo "1288"]
[PlyCount "104"]
[EventDate "2020.12.07"]
[EventType "swiss (rapid)"]
[EventRounds "7"]
[EventCountry "ISS"]
[SourceTitle "EXT 2022"]
[Source "ChessBase"]
[SourceDate "2021.10.06"]
[SourceVersion "1"]
[SourceVersionDate "2021.10.06"]
[SourceQuality "1"]

1. Nf3 d5 2. d4 Bf5 3. e3 Nf6 4. c4 c6 5. Nc3 e6 6. a3 Nbd7 7. Be2 Ne4 8. 0-0 Ndf6 9. Qb3 Qc7 10. h3 h5 11. Nxe4 Nxe4 12. Bd3 Be7 13. Bd2 g5 14. Bxe4 Bxe4 15. Ne1 g4 16. f3 gxf3 17. Nxf3 Rg8 18. Be1 b6 19. Rd1 Bd6 20. Rd2 Bf5 21. Kh1 f6 22. Nh4 Be4 23. Nf3 Bg3 24. Qd1 Ke7 25. Re2 Rg7 26. c5 Rag8 27. b4 b5 28. Ra2 Bxe1 29. Qxe1 Qg3 30. Qf2 Bxf3 31. Qxf3 Qxf3 32. Rxf3 Rg3 33. Raf2 f5 34. Rxg3 Rxg3 35. Rf3 Rxf3 36. gxf3 h4 37. Kg2 Kf6 38. f4 Kg6 39. Kf2 Kh5 40. Kg2 Kg6 41. Kf2 Kf7 42. Kf3 Ke7 43. Ke2 Kd7 44. Kd3 Kc7 45. Kc3 Kb7 46. Kb3 a6 47. Kc3 Kc7 48. Kd2 Kb7 49. Kc2 Ka7 50. Kb3 Kb8 51. Kb2 Ka7 52. Kc2 Kb7 1/2-1/2

[Event "Wch FIDE Online U10 Europe qual"]
[Site "Tornelo INT"]
[Date "2020.12.08"]
[Round "4"]
[White "Akinkhov, Mikhail"]
[Black "Gabadadze, Gabriel"]
[Result "0-1"]
[WhiteElo "1288"]
[BlackElo "1182"]
[PlyCount "78"]
[EventDate "2020.12.07"]
[EventType "swiss (rapid)"]
[EventRounds "7"]
[EventCountry "ISS"]
[SourceTitle "EXT 2022"]
[Source "ChessBase"]
[SourceDate "2021.10.06"]
[SourceVersion "1"]
[SourceVersionDate "2021.10.06"]
[SourceQuality "1"]

1. d4 Nf6 2. Nf3 e6 3. Bf4 c5 4. e3 Qb6 5. b3 cxd4 6. exd4 Nd5 7. Bg3 Bb4+ 8. Nbd2 Bc3 9. Rb1 Bxd4 10. Ne4 Qb4+ 11. Nfd2 Nc3 12. Nxc3 Bxc3 13. Bc4 d5 14. Bd3 e5 15. Qe2 e4 16. Bb5+ Bd7 17. Bxd7+ Nxd7 18. a4 Rc8 19. Rd1 0-0 20. 0-0 f5 21. Bf4 Rfe8 22. Nb1 d4 23. Nd2 Nb6 24. h4 Nd5 25. Bg3 f4 26. Bh2 e3 27. Nc4 a6 28. fxe3 Nxe3 29. Nxe3 fxe3 30. Rf4 Qe7 31. Rd3 Rf8 32. Rxf8+ Rxf8 33. Bg3 Qe4 34. Kh2 b5 35. Qe1 Bxe1 36. Bd6 Qxh4+ 37. Kg1 Bf2+ 38. Kf1 Qh1+ 39. Ke2 Qe1# 0-1

[Event "Wch FIDE Online U10 Europe qual"]
[Site "Tornelo INT"]
[Date "2020.12.08"]
[Round "3"]
[White "Ivanov, Andrey7777"]
[Black "Akinkhov, Mikhail"]
[Result "1-0"]
[WhiteElo "1522"]
[BlackElo "1288"]
[PlyCount "133"]
[EventDate "2020.12.07"]
[EventType "swiss (rapid)"]
[EventRounds "7"]
[EventCountry "ISS"]
[SourceTitle "EXT 2022"]
[Source "ChessBase"]
[SourceDate "2021.10.06"]
[SourceVersion "1"]
[SourceVersionDate "2021.10.06"]
[SourceQuality "1"]

1. e4 e5 2. Nf3 Nc6 3. Bc4 h6 4. d4 d6 5. dxe5 dxe5 6. Qxd8+ Kxd8 7. Bxf7 Nf6 8. Nc3 Bb4 9. Bd5 Ke7 10. 0-0 Rd8 11. Nb5 Bd6 12. Bxc6 bxc6 13. Nc3 Bg4 14. Be3 Ke6 15. Rfe1 Bb4 16. h3 Bh5 17. g4 Bg6 18. Bd2 a5 19. Rad1 Rd7 20. a3 Bxc3 21. Bxc3 Rxd1 22. Rxd1 Bxe4 23. Nxe5 Bxc2 24. Rd2 Ba4 25. Re2 Bb5 26. Re1 Kd6 27. Nf7+ Kd7 28. Nxh6 gxh6 29. Bxf6 Re8 30. Rd1+ Kc8 31. Bc3 a4 32. Kg2 Re2 33. Rd4 Re7 34. Rf4 Re8 35. Rf6 Kb7 36. Rxh6 c5 37. Rh5 Bc6+ 38. Kg3 Kb6 39. Re5 Rf8 40. Re3 Rf7 41. f4 Rf8 42. h4 Rg8 43. g5 Rd8 44. h5 Rd1 45. h6 Rh1 46. Kf2 Rh5 47. Rg3 Be8 48. g6 Rxh6 49. g7 Bf7 50. g8Q Bxg8 51. Rxg8 Rh2+ 52. Ke3 Rh3+ 53. Ke4 Rh6 54. f5 Rh4+ 55. Ke5 Kc6 56. Rg6+ Kb7 57. Re6 Rh3 58. Kf6 Rh6+ 59. Ke7 Rh7+ 60. Kd8 Rh8+ 61. Re8 Rh5 62. f6 Rf5 63. Ke7 Rh5 64. f7 Rh7 65. Rh8 Rxh8 66. Bxh8 c4 67. f8Q 1-0

[Event "Wil Acrevis op 1st"]
[Site "Wil"]
[Date "2020.06.20"]
[Round "2"]
[White "Hollenstein, Augusto"]
[Black "Akinkhov, Mikhail"]
[Result "0-1"]
[WhiteElo "1188"]
[BlackElo "1475"]
[PlyCount "108"]
[EventDate "2020.06.19"]
[EventType "swiss"]
[EventRounds "5"]
[EventCountry "SUI"]
[SourceTitle "CBM 197 Extra"]
[Source "ChessBase"]
[SourceDate "2020.09.30"]
[SourceVersion "1"]
[SourceVersionDate "2020.09.30"]
[SourceQuality "1"]

1. d4 d5 2. Nc3 Nf6 3. Nf3 e6 4. e3 c5 5. Bd3 Bd6 6. e4 dxe4 7. Nxe4 Nxe4 8. Bxe4 0-0 9. Ng5 h6 10. Qh5 f5 11. Nxe6 Bxe6 12. Bxb7 Nd7 13. Bxa8 Qxa8 14. Be3 Qxg2 15. 0-0-0 Nf6 16. Rhg1 Qxg1 17. Rxg1 Nxh5 18. dxc5 Bf4 19. Re1 Bxe3+ 20. Rxe3 Re8 21. b4 Bd7 22. Rd3 Nf6 23. c4 Re4 24. Rc3 Ng4 25. f3 Re3 26. Kd2 Rxc3 27. Kxc3 Kf7 28. fxg4 fxg4 29. b5 h5 30. Kd2 h4 31. Ke1 Be6 32. b6 axb6 33. cxb6 Bc8 34. c5 Bb7 35. a4 Ke6 36. a5 Kd5 37. Kf2 Kxc5 38. a6 Bxa6 39. Kg2 Kxb6 40. h3 g3 41. Kg1 Kc5 42. Kg2 Bc8 43. Kg1 Kd4 44. Kg2 Ke3 45. Kh1 Bxh3 46. Kg1 Bd7 47. Kh1 h3 48. Kg1 h2+ 49. Kg2 Bc6+ 50. Kh3 h1Q+ 51. Kxg3 Qg1+ 52. Kh4 Bf3 53. Kh3 Qg2+ 54. Kh4 Qg4# 0-1